|
|
|
|
| LEADER |
02875nam a22003973i 4500 |
| 001 |
EBC6898701 |
| 003 |
MiAaPQ |
| 005 |
20231204023221.0 |
| 006 |
m o d | |
| 007 |
cr cnu|||||||| |
| 008 |
231204s2013 xx o ||||0 eng d |
| 020 |
|
|
|a 9781781385623
|q (electronic bk.)
|
| 020 |
|
|
|z 9781846319761
|
| 035 |
|
|
|a (MiAaPQ)EBC6898701
|
| 035 |
|
|
|a (Au-PeEL)EBL6898701
|
| 035 |
|
|
|a (OCoLC)961010080
|
| 040 |
|
|
|a MiAaPQ
|b eng
|e rda
|e pn
|c MiAaPQ
|d MiAaPQ
|
| 100 |
1 |
|
|a Krauel, Javier.
|
| 245 |
1 |
0 |
|a Imperial Emotions :
|b Cultural Responses to Myths of Empire in Fin-De-Siècle Spain.
|
| 250 |
|
|
|a 1st ed.
|
| 264 |
|
1 |
|a Liverpool :
|b Liverpool University Press,
|c 2013.
|
| 264 |
|
4 |
|c {copy}2013.
|
| 300 |
|
|
|a 1 online resource (217 pages)
|
| 336 |
|
|
|a text
|b txt
|2 rdacontent
|
| 337 |
|
|
|a computer
|b c
|2 rdamedia
|
| 338 |
|
|
|a online resource
|b cr
|2 rdacarrier
|
| 490 |
1 |
|
|a Contemporary Hispanic and Lusophone Cultures Series ;
|v v.10
|
| 505 |
0 |
|
|a Cover -- Half-title -- Title page -- Coyright page -- Contents -- Dedication -- Acknowledgments -- Introduction -- Redressing the Silencing of Empire -- Imperialism and Nationalism -- The Spanish Empire's Embattled Legacies -- Imperial Legacies and National Reform -- Imperial Emotions and the Essay on National Character -- Chapter 1 -- Columbus in 1892 -- Nationalist Uses of the Imperial Past -- Freethinkers and Empire -- The Failure of the Federalist Critique -- Chapter 2 -- Addressing the Post-Imperial Condition -- Empire and casticismo -- Mourning Imperial Values -- Chapter 3 -- Theorizing Imperial Ambivalence -- Independence, Expansion, Modernity -- The Paradox of Empire and Melancholia -- Chapter 4 -- Anger and Indignation -- Nietzsche's Critical History -- The Conquest of the meseta as a Second (Imperial) Nature -- Chapter 5 -- Catalanist Mood circa 1906 -- The Subdued Emotions of Cognition and Controversy -- Imperialism and the Creation of National Pride -- Witnessing the Spanish Empire's Shame -- Conclusion -- The Vanishing of Ambivalence -- The Moral Implications of Imperial Emotions -- Works Cited -- Index.
|
| 520 |
|
|
|a A ground-breaking work that considers myths of the Spanish empire from the perspective of cultural responses to its demise.
|
| 588 |
|
|
|a Description based on publisher supplied metadata and other sources.
|
| 590 |
|
|
|a Electronic reproduction. Ann Arbor, Michigan : ProQuest Ebook Central, 2023. Available via World Wide Web. Access may be limited to ProQuest Ebook Central affiliated libraries.
|
| 655 |
|
4 |
|a Electronic books.
|
| 776 |
0 |
8 |
|i Print version:
|a Krauel, Javier
|t Imperial Emotions
|d Liverpool : Liverpool University Press,c2013
|z 9781846319761
|
| 797 |
2 |
|
|a ProQuest (Firm)
|
| 830 |
|
0 |
|a Contemporary Hispanic and Lusophone Cultures Series
|
| 856 |
4 |
0 |
|u https://ebookcentral.proquest.com/lib/matrademy/detail.action?docID=6898701
|z Click to View
|